书目信息 |
| 题名: |
楚汉春秋
|
|
| 作者: | ;古本戏曲丛刊编辑委员会 编辑 | |
| 分册: | 二 | |
| 出版信息: |
|
|
| 页数: | 全一册 | |
| 开本: | 13.4*20.5cm | |
| 丛书名: | 古本戏曲丛刊 | |
| 单 册: | ||
| 中图分类: | I230.5 | |
| 科图分类: | ||
| 主题词: | 戏剧文学--剧本--中国 | |
| 电子资源: | ||
| ISBN: | ||
| 000 | 00750nam0 2200229 450 | |
| 001 | 0630575733 | |
| 005 | 20061029083308.73 | |
| 010 | @b线装@dCNY3.50 | |
| 100 | @a20061029d km y0chiy0120 ea | |
| 101 | 0 | @achi |
| 200 | 1 | @a楚汉春秋@h二@Achu han chun qiu@f古本戏曲丛刊编辑委员会编辑@Fgu ben xi qu cong kan bian ji wei yuan hui bian ji |
| 205 | @a影印本 | |
| 215 | @a全一册@d13.4*20.5cm | |
| 225 | 2 | @a古本戏曲丛刊@h二 |
| 300 | @a第一至第十册为一函,共一函 | |
| 305 | @a本书据北京图书馆藏清内府抄本影印 | |
| 410 | 0 | @12001 @a古本戏曲丛刊 |
| 606 | 0 | @a戏剧文学@x剧本@x中国 |
| 690 | @aI230.5@v3 | |
| 711 | 0 | @a古本戏曲丛刊编辑委员会@Agu ben xi qu cong kan bian ji wei yuan hui@4编辑 |
| 801 | 0 | @aCN@bPFT@c20061029 |
| 905 | @a10447@dI230.5@e68:2 | |
| 楚汉春秋.二/古本戏曲丛刊编辑委员会编辑.-影印本 |
| 全一册;13.4*20.5cm.-(古本戏曲丛刊.二) |
| 第一至第十册为一函,共一函 |
| ISBN (线装):CNY3.50 |
| ● |
| 相关链接 |
|
|
|
|
正题名:楚汉春秋
索取号:I230.5/68:2
 
预约/预借
| 序号 | 登录号 | 条形码 | 馆藏地/架位号 | 状态 | 备注 |
| 1 | 0266254 | 202431369 | 古籍典藏专区/ [索取号:I230.5/68:2] | 在馆 |